[Event "Druzynowe Mistrzostwa Polski - II Liga 2023"]
[Site "Jastrzebia Gora"]
[Date "1899-12-30"]
[Round "6.93"]
[White "Jankowiak, Piotr"]
[Black "Sadzikowski, Marian"]
[Result "1-0"]
[WhiteTitle "k"]
[BlackTitle "I+"]
[WhiteElo "2073"]
[BlackElo "1706"]

1. e4 b6 2. d4 Bb7 3. Nc3 e6 4. Nf3 Nf6 5. e5 Ne4 6. Nxe4 Bxe4 7. Bd3 Bxd3 8. Qxd3
d5 9. exd6 cxd6 10. O-O Be7 11. h3 Nd7 12. Nh2 Rc8 13. b3 Nf6 14. Bd2 Qc7 15.
c3 Qc6 16. Rae1 O-O 17. f4 d5 18. f5 Ne4 19. Rf3 Bd6 20. Ng4 exf5 21. Rxf5 Nxd2
22. Qxd2 Qxc3 23. Qd1 Bg3 24. Ref1 h5 25. R5f3 Qc7 26. Ne3 h4 27. Nxd5 Qd6 28.
Rf5 Rfe8 29. Qg4 Be5 30. Rxe5 Rxe5 31. Qxc8+ Kh7 32. dxe5 Qxd5 33. Qf5+ Kg8 34.
Qf4 Qc5+ 35. Kh1 Qe7 36. Rc1 Kh7 37. Qe4+ g6 38. Qf4 a5 39. Rc8 b5 40. Qf6 1-0

[Event "Druzynowe Mistrzostwa Polski - II Liga 2023"]
[Site "Jastrzebia Gora"]
[Date "1899-12-30"]
[Round "6.94"]
[White "Skorupka, Arkadiusz"]
[Black "Grzeskow, Adrian"]
[Result "1/2-1/2"]
[WhiteTitle "II"]
[BlackTitle "I+"]
[WhiteElo "1472"]
[BlackElo "1955"]

1. Nf3 d6 2. d4 Nf6 3. c4 c6 4. Nc3 Qa5 5. Bd2 Qb6 6. Qc2 Bg4 7. e3 Nbd7 8. Be2
e5 9. O-O Be7 10. h3 Bh5 11. dxe5 dxe5 12. a3 a5 13. e4 O-O 14. Be3 Qc7 15. Rfd1
Bc5 16. Bxc5 Nxc5 17. b4 Ne6 18. g3 Rfd8 19. Rxd8+ Rxd8 20. Rd1 Bxf3 21. Bxf3
Nd4 22. Qd3 Qe7 23. c5 Qe6 24. Kg2 Rd7 25. b5 Nxb5 26. Qxd7 Nxd7 27. Nxb5 cxb5
28. Bg4 Qc6 29. Rxd7 g6 30. Rd5 Qc7 31. Bd7 b4 32. axb4 axb4 33. Ba4 Kg7 34. Rd7
Qxc5 35. Bb3 b5 36. Rxf7+ Kh8 37. Rb7 Qc6 38. Bd5 Qc3 39. Rxb5 Kg7 40. Rb7+ Kh8
41. h4 h6 42. Be6 Qd4 43. Bd5 g5 44. hxg5 hxg5 45. Kf3 Qd1+ 46. Kg2 Qd2 47. Kh3
Qxf2 48. Kg4 b3 49. Rxb3 Kg7 50. Kxg5 Qd2+ 51. Kf5 Qf2+ 52. Ke6 Qf7+ 53. Kd6 Qf8+
54. Kd7 Kg6 55. Rb6+ Kg5 56. Re6 Qb8 57. Rc6 Qa7+ 58. Kd6 Kf6 59. Rc7 Qa3+ 60.
Kc6 Qc3+ 61. Kd6 Qa3+ 62. Kc6 Qc3+ 1/2-1/2

[Event "Druzynowe Mistrzostwa Polski - II Liga 2023"]
[Site "Jastrzebia Gora"]
[Date "1899-12-30"]
[Round "6.95"]
[White "Statucki, Maciej"]
[Black "Balis, Sebastian"]
[Result "1-0"]
[WhiteTitle "I"]
[BlackTitle "II+"]
[WhiteElo "1868"]
[BlackElo "1484"]

1. e4 c5 2. Nf3 e6 3. d4 cxd4 4. Nxd4 a6 5. Bd3 b5 6. a4 bxa4 7. Rxa4 Bb7 8. Qe2
Qb6 9. Nb3 Nf6 10. Be3 Qc7 11. N1d2 d5 12. O-O Bc6 13. Ra2 dxe4 14. Bxa6 Nxa6
15. Rxa6 Rxa6 16. Qxa6 Ng4 17. Bf4 Qxf4 18. Qxc6+ Ke7 19. g3 Qh6 20. h4 f5 21.
Nc4 Kf7 22. Qd7+ Be7 23. Nd6+ Kg6 24. Qxe7 Kh5 25. Nf7 1-0

[Event "Druzynowe Mistrzostwa Polski - II Liga 2023"]
[Site "Jastrzebia Gora"]
[Date "1899-12-30"]
[Round "6.96"]
[White "Salamon, Julia"]
[Black "Czarniecka, Aleksandra"]
[Result "1-0"]
[WhiteTitle "I++"]
[BlackTitle "m"]
[WhiteElo "1814"]
[BlackElo "2000"]

1. d4 d5 2. c4 dxc4 3. Nc3 a6 4. a4 Nc6 5. e3 Na5 6. Nf3 Bg4 7. Be2 Bxf3 8. Bxf3
Nf6 9. Bd2 e6 10. O-O Bb4 11. Qc2 Qe7 12. Rfd1 O-O 13. e4 Nb3 14. e5 Nxa1 15.
Rxa1 Nd7 16. Bxb7 Ra7 17. Bc6 Rd8 18. Be3 Nb6 19. Ne4 Qf8 20. Ng5 g6 21. Ne4 Be7
22. Qc1 f5 23. exf6 Bb4 24. Bh6 Qf7 25. Bg7 Rd5 26. Ng5 Rxg5 27. Qxg5 Nd5 28.
Rc1 a5 29. Rxc4 Ra6 30. h4 Bd6 31. g3 Rb6 32. Bb5 Rb8 33. Rc2 Bf8 34. Bxf8 Rxf8
35. Qe5 Qxf6 36. Qxf6 Rxf6 37. Rc5 Rf8 38. Bc4 Rb8 39. b3 Kf7 40. Rxa5 Ke7 41.
Rc5 Kd6 42. Bb5 Ra8 43. Rc6+ Ke7 44. Kf1 h6 45. Ke2 g5 46. hxg5 hxg5 47. Rc1 Kd6
48. Rc6+ Ke7 49. Bc4 Kd7 50. Bxd5 exd5 51. Rg6 Re8+ 52. Kd3 Rf8 53. Rxg5 Rxf2
54. Rxd5+ Ke6 55. Rc5 Kd6 56. Kc4 Rg2 57. Rg5 c6 58. Rg4 Rc2+ 59. Kb4 1-0

[Event "Druzynowe Mistrzostwa Polski - II Liga 2023"]
[Site "Jastrzebia Gora"]
[Date "1899-12-30"]
[Round "6.97"]
[White "Jaskolka, Tomasz"]
[Black "Trzebinski, Patryk"]
[Result "1/2-1/2"]
[WhiteTitle "CM"]
[BlackTitle "I++"]
[WhiteElo "2228"]
[BlackElo "1916"]

1. e4 c5 2. Nf3 Nc6 3. b4 cxb4 4. d4 d5 5. exd5 Qxd5 6. c4 bxc3 7. Nxc3 Qa5 8.
Rb1 Qxc3+ 9. Bd2 Qa3 10. d5 e6 11. dxc6 bxc6 12. Qc2 Bd7 13. Rb3 Qd6 14. Ba6 c5
15. Bc4 Nf6 16. O-O Be7 17. Bc3 Ba4 18. Bb5+ Bxb5 19. Rxb5 O-O 20. Ng5 h6 21.
Bxf6 hxg5 22. Bxe7 Qxe7 23. Rxc5 Rfd8 24. g3 Rd7 25. Qc1 f6 26. Qe3 Rad8 27. Ra5
Rb8 28. Rc1 e5 29. Ra6 Qf7 30. Qe4 Rd4 31. Qc2 Qd7 32. Rc6 Rd8 33. Qb3+ Qd5 34.
Ra6 Qxb3 35. axb3 Rd1+ 36. Rxd1 Rxd1+ 37. Kg2 Rd3 38. Rxa7 Rxb3 39. g4 Kh7 40.
f3 1/2-1/2

[Event "Druzynowe Mistrzostwa Polski - II Liga 2023"]
[Site "Jastrzebia Gora"]
[Date "1899-12-30"]
[Round "6.98"]
[White "Malinowski, Szymon"]
[Black "Pulik, Krzysztof"]
[Result "0-1"]
[WhiteTitle "I++"]
[BlackTitle "k"]
[WhiteElo "1902"]
[BlackElo "2074"]

1. Nf3 d5 2. d4 c5 3. c3 Nc6 4. dxc5 e6 5. b4 a5 6. Qb3 axb4 7. cxb4 b6 8. cxb6
Bxb4+ 9. Bd2 Qxb6 10. e3 Nf6 11. Bd3 Ba6 12. O-O Bxd3 13. Qxd3 O-O 14. a3 Bd6
15. Nc3 Rfb8 16. Rfb1 Qd8 17. Nb5 Be7 18. Ra2 Ne4 19. Be1 Bf6 20. Nfd4 Ne5 21.
Qe2 Qd7 22. Bb4 Rc8 23. Rc2 Rxc2 24. Qxc2 Rc8 25. Qe2 Nc4 26. a4 Nc5 27. Qa2 g6
28. g3 e5 29. Ne2 Nd3 30. Bc3 Ra8 31. a5 Qc6 32. Qa4 Bd8 33. Ra1 Nc5 34. Qb4 Rxa5
35. Rxa5 Bxa5 36. Qb1 Bxc3 37. Nexc3 Nb6 38. Qb4 Ncd7 39. Qb3 Qc5 40. Qd1 Kg7
41. Qa1 d4 42. exd4 exd4 43. Ne4 Qxb5 44. Qxd4+ Qe5 45. Qb4 Nd5 46. Nd6 Nxb4 0-1

[Event "Druzynowe Mistrzostwa Polski - II Liga 2023"]
[Site "Jastrzebia Gora"]
[Date "1899-12-30"]
[Round "6.99"]
[White "Wozniak, Maciej"]
[Black "Twardowski, Hubert"]
[Result "1/2-1/2"]
[WhiteTitle "k"]
[BlackTitle "I+"]
[WhiteElo "1999"]
[BlackElo "1853"]

1. e4 c5 2. Nf3 Nc6 3. d4 cxd4 4. Nxd4 Nf6 5. Nc3 e5 6. Ndb5 d6 7. Bg5 a6 8. Na3
b5 9. Nd5 Be7 10. Bxf6 Bxf6 11. c3 Bg5 12. Nc2 Rb8 13. Nce3 Be6 14. Be2 O-O 15.
O-O g6 16. Qd3 Ne7 17. Rad1 Nxd5 18. Nxd5 f5 19. f3 Kg7 20. f4 fxe4 21. Qxe4 Bxd5
22. Qxd5 Bxf4 23. Qxd6 Qxd6 24. Rxd6 Rbd8 25. Rxd8 Be3+ 26. Kh1 Rxd8 27. Rd1 Rxd1+
28. Bxd1 Bc1 29. b3 Bb2 30. c4 bxc4 31. bxc4 Bd4 32. g3 e4 33. Bc2 e3 34. Bd3
Kf6 1/2-1/2

[Event "Druzynowe Mistrzostwa Polski - II Liga 2023"]
[Site "Jastrzebia Gora"]
[Date "1899-12-30"]
[Round "6.100"]
[White "Chmura, Eryk"]
[Black "Wozniak, Marcin"]
[Result "1/2-1/2"]
[WhiteTitle "I++"]
[BlackTitle "I++"]
[WhiteElo "1752"]
[BlackElo "1817"]

1. e4 e5 2. Nf3 Nc6 3. Bc4 Nf6 4. d3 Bc5 5. c3 d6 6. O-O Bb6 7. Re1 Qe7 8. h3 h6
9. b4 g5 10. Nh2 Nxb4 11. Nd2 Nc6 12. Ndf1 Bd7 13. Be3 Na5 14. Bb3 Nxb3 15. axb3
Bxe3 16. Nxe3 a6 17. Nhf1 O-O-O 18. b4 Rdg8 19. c4 g4 20. h4 Nh5 21. g3 1/2-1/2

[Event "Druzynowe Mistrzostwa Polski - II Liga 2023"]
[Site "Jastrzebia Gora"]
[Date "1899-12-30"]
[Round "6.101"]
[White "Wozny, Tomasz"]
[Black "Hladun, Bartlomiej"]
[Result "1-0"]
[WhiteTitle "I"]
[BlackTitle "I"]
[WhiteElo "1757"]
[BlackElo "1693"]

1. d4 d5 2. Nf3 Nf6 3. c4 c6 4. g3 Bf5 5. Bg2 h6 6. O-O e6 7. Nc3 Be7 8. Re1 O-O
9. Qb3 Qb6 10. c5 Qxb3 11. axb3 Na6 12. Bf4 g5 13. Be3 Nb4 14. Rec1 Nc2 15. Ra2
Nxe3 16. fxe3 Ng4 17. Nd1 Rfe8 18. h3 Nf6 19. g4 Bh7 20. Nc3 Nd7 21. Rca1 a6 22.
b4 Rab8 23. e4 dxe4 24. Nd2 f5 25. gxf5 exf5 26. e3 Nf6 27. Bf1 f4 28. Re1 Bf8
29. Bc4+ Kh8 30. Nb3 Rbd8 31. Na5 Re7 32. Nxc6 bxc6 33. Rxa6 Rb7 34. b5 Rc8 35.
Be6 Rcc7 36. b6 Re7 37. Bc8 Rb8 38. b7 Rexb7 39. Bxb7 Rxb7 40. Rxc6 Nh5 41. Rb6
Rg7 42. Rb8 Rg8 43. c6 Bf5 44. c7 g4 45. h4 f3 46. Rb5 Bc8 47. Rxh5 g3 48. Nxe4
Bd6 49. Rxh6+ Kg7 50. Rxd6 Bb7 51. Nxg3 Kf7 52. Kf2 Ba8 1-0

[Event "Druzynowe Mistrzostwa Polski - II Liga 2023"]
[Site "Jastrzebia Gora"]
[Date "1899-12-30"]
[Round "6.102"]
[White "Filipska, Maja"]
[Black "Trybowska, Barbara"]
[Result "1-0"]
[WhiteTitle "I++"]
[BlackTitle "I++"]
[WhiteElo "1763"]
[BlackElo "1836"]

1. Nf3 d5 2. g3 Nf6 3. Bg2 e6 4. O-O c5 5. d3 Be7 6. Nbd2 O-O 7. Ne5 Nbd7 8. Nxd7
Bxd7 9. e4 Qc7 10. Qe2 dxe4 11. dxe4 e5 12. b3 Bg4 13. f3 Be6 14. c4 Nd7 15. Bb2
Rad8 16. f4 f6 17. f5 Bf7 18. Nb1 Nb8 19. Nc3 Nc6 20. Nd5 Qd7 21. g4 Nd4 22. Qf2
b5 23. cxb5 Bxd5 24. exd5 Qxb5 25. Bxd4 cxd4 26. Rac1 Rxd5 27. Bxd5+ Qxd5 28.
Qc2 Ba3 29. Qc4 Qxc4 30. Rxc4 Rd8 31. Kf2 e4 32. Rd1 Bb2 33. Kg3 e3 34. Kf3 g6
35. Ke2 Rd7 36. Kd3 Kg7 37. Rb1 Bc3 38. Rc1 Kh6 39. fxg6 hxg6 40. h4 f5 41. gxf5
gxf5 42. Rc6+ Kh5 43. Rg1 f4 44. Rc8 Rh7 45. Rcg8 e2 46. Kxe2 d3+ 47. Kxd3 Bf6
48. Ke4 Bxh4 49. Rh1 Re7+ 50. Kxf4 Rf7+ 51. Ke5 Re7+ 52. Kd5 Rh7 53. Rg2 Rf7 54.
Rgh2 Rf4 55. Rxh4+ 1-0

[Event "Druzynowe Mistrzostwa Polski - II Liga 2023"]
[Site "Jastrzebia Gora"]
[Date "1899-12-30"]
[Round "6.103"]
[White "Markiewicz, Jerzy"]
[Black "Gierulski, Kamil"]
[Result "0-1"]
[WhiteTitle "FM"]
[BlackTitle "k++"]
[WhiteElo "2159"]
[BlackElo "2256"]

1. e4 e5 2. Nf3 Nc6 3. Bb5 a6 4. Ba4 g6 5. O-O Bg7 6. c3 Nge7 7. d4 exd4 8. cxd4
b5 9. Bb3 d6 10. d5 Na5 11. Bd2 Nxb3 12. Qxb3 c5 13. Bc3 f6 14. a3 O-O 15. Qc2
Qc7 16. Nbd2 a5 17. b3 a4 18. Rfc1 axb3 19. Qxb3 Bd7 20. Qb2 Ra4 21. h3 Nc8 22.
g4 Qd8 23. g5 Bxh3 24. Qxb5 Ra7 25. gxf6 Bxf6 26. e5 Bg5 27. Qd3 Rf4 28. Ne4 Rg4+
29. Kh2 Bg2 30. Nexg5 Qf8 31. Nh3 Rf7 32. Nfg1 Rxf2 33. Nxf2 Qf4+ 0-1

[Event "Druzynowe Mistrzostwa Polski - II Liga 2023"]
[Site "Jastrzebia Gora"]
[Date "1899-12-30"]
[Round "6.104"]
[White "Babiarz, Arkadiusz"]
[Black "Zaskalski, Arkadiusz"]
[Result "1/2-1/2"]
[WhiteTitle "I++"]
[BlackTitle "k"]
[WhiteElo "2046"]
[BlackElo "2085"]

1. e4 c5 2. Nf3 Nc6 3. Bb5 g6 4. O-O Bg7 5. c3 Nf6 6. Re1 O-O 7. d4 cxd4 8. cxd4
d5 9. e5 Ne4 10. Bxc6 bxc6 11. Be3 f6 12. Qc1 Qb6 13. Nc3 Rb8 14. Nxe4 dxe4 15.
Nd2 f5 16. Nb3 Qb5 17. g3 Rd8 18. Qc3 Be6 19. Nc5 Bd5 20. b3 Bf8 21. e6 Bg7 22.
Bg5 Qb4 23. Qc1 Qxd4 24. Qa3 e3 25. Bxe3 Qg4 26. Rad1 Bf3 27. Rxd8+ Rxd8 28. Qa6
Qh3 29. Qf1 Qg4 30. h3 Qb4 31. Nd7 Bd5 32. Bxa7 Bxe6 33. Bc5 Qc3 34. Rxe6 Rxd7
35. Rxe7 Rd5 36. Re8+ Kf7 37. Qe2 Be5 38. Rf8+ Kg7 39. Be7 Rd7 40. Ba3 Rd2 41.
Qc4 Qxc4 42. bxc4 Rxa2 43. Re8 Bd4 44. Bd6 Rc2 45. Rc8 Rxc4 46. g4 Rc2 47. Bg3
f4 48. Bxf4 Bxf2+ 49. Kg2 Be3+ 50. Kf3 Bxf4 51. Kxf4 h6 52. Ke5 Re2+ 53. Kf4 g5+
54. Kf5 Rf2+ 55. Ke4 1/2-1/2

[Event "Druzynowe Mistrzostwa Polski - II Liga 2023"]
[Site "Jastrzebia Gora"]
[Date "1899-12-30"]
[Round "6.105"]
[White "Augustyn, Sebastian"]
[Black "Ziemniak, Piotr"]
[Result "1/2-1/2"]
[WhiteTitle "k"]
[BlackTitle "I+"]
[WhiteElo "2046"]
[BlackElo "1793"]

1. d4 Nf6 2. Bg5 Ne4 3. Bf4 d5 4. f3 Nd6 5. Nc3 e6 6. e4 c6 7. Qd2 Nd7 8. b3 Be7
9. Bd3 Nf8 10. Nge2 Ng6 11. Bg3 Bg5 12. f4 dxe4 13. Nxe4 Nxe4 14. Bxe4 Bf6 15.
Rd1 O-O 16. O-O Qb6 17. Bf2 Qc7 18. Qe3 Ne7 19. c4 Rd8 20. Bb1 g6 21. Ng3 Bg7
22. Qf3 Bh6 23. Be3 Bg7 24. Bf2 b6 25. c5 Nd5 26. Be1 Ba6 27. Bd3 Bxd3 28. Rxd3
bxc5 29. dxc5 Ne7 30. Ne4 Rxd3 31. Qxd3 Rd8 32. Qf3 Qd7 33. Bh4 Qd4+ 34. Kh1 f6
35. h3 Nf5 36. Bf2 Qd3 37. Qxd3 Rxd3 38. Re1 e5 39. fxe5 fxe5 40. Re2 Bh6 41.
g3 Kf7 42. Kg2 Ke6 43. g4 1/2-1/2

[Event "Druzynowe Mistrzostwa Polski - II Liga 2023"]
[Site "Jastrzebia Gora"]
[Date "1899-12-30"]
[Round "6.106"]
[White "Wozniak, Grzegorz"]
[Black "Draganik, Grzegorz"]
[Result "1/2-1/2"]
[WhiteTitle "I"]
[BlackTitle "I"]
[WhiteElo "1638"]
[BlackElo "1858"]

1. d4 Nf6 2. Nf3 d5 3. e3 a6 4. Bd3 Bg4 5. Nbd2 Nbd7 6. c3 e5 7. dxe5 Nxe5 8. Be2
Nxf3+ 9. Bxf3 Bxf3 10. Qxf3 Bd6 11. O-O Qe7 12. g3 h5 13. e4 dxe4 14. Nxe4 Qxe4
15. Qxe4+ Nxe4 16. Re1 f5 17. f3 O-O 18. fxe4 Rae8 19. Bg5 fxe4 20. Re2 Rf5 21.
Be3 Bc5 22. Bxc5 Rxc5 23. Kf2 Rf5+ 24. Ke3 c5 25. Rae1 Kf7 26. Kd2 Kf6 27. Rxe4
Rxe4 28. Rxe4 Rf2+ 29. Re2 Rxe2+ 30. Kxe2 Ke5 31. Ke3 g5 32. h4 gxh4 33. gxh4
Kf5 34. Kf3 a5 35. b3 b5 36. a3 Ke5 37. Ke3 Kd5 38. Kd3 Ke5 39. a4 bxa4 40. bxa4
Kd5 41. c4+ Ke5 42. Ke3 Kf5 43. Kf3 Ke5 1/2-1/2

[Event "Druzynowe Mistrzostwa Polski - II Liga 2023"]
[Site "Jastrzebia Gora"]
[Date "1899-12-30"]
[Round "6.107"]
[White "Mirowska, Oliwia"]
[Black "Wasik, Roman"]
[Result "1-0"]
[WhiteTitle "k"]
[BlackTitle "I"]
[WhiteElo "1976"]
[BlackElo "1381"]

1. d4 g6 2. Nc3 Bg7 3. e4 d6 4. Be3 Nf6 5. f3 O-O 6. Qd2 c5 7. dxc5 dxc5 8. Qxd8
Rxd8 9. Bxc5 Nc6 10. Ba3 a6 11. Rd1 Be6 12. b3 b5 13. Rxd8+ Rxd8 14. Nd1 Bh6 15.
Bd3 Nd7 16. Nf2 Bg7 17. Ne2 b4 18. Bc1 Nc5 19. Be3 Nxd3+ 20. cxd3 a5 21. O-O a4
22. Rc1 axb3 23. axb3 Na5 24. Bb6 Ra8 25. Bxa5 Rxa5 26. d4 Bxb3 27. Rc8+ Bf8 28.
Nd3 Rb5 29. Nec1 Be6 30. Rc2 Bh6 31. f4 Bg7 32. e5 Bf5 33. Rb2 Bxd3 34. Nxd3 b3
35. Nc5 e6 36. Rxb3 Rxb3 37. Nxb3 Bf8 38. Kf2 Kg7 39. Kf3 Bb4 40. g4 h6 41. Ke4
f5+ 42. exf6+ Kxf6 43. Nc5 Ba3 44. Nd7+ Kf7 45. Ke5 Ke7 46. Nc5 g5 47. fxg5 hxg5
48. h3 Bc1 49. Nxe6 Bd2 50. Kf5 Be3 51. d5 Kd6 52. Nxg5 Kxd5 53. h4 Kd6 54. Kg6
Ke7 55. Ne4 Kf8 56. Nf6 Ke7 57. Nd5+ 1-0

[Event "Druzynowe Mistrzostwa Polski - II Liga 2023"]
[Site "Jastrzebia Gora"]
[Date "1899-12-30"]
[Round "6.108"]
[White "Szelag, Zuzanna"]
[Black "Jalowiec, Halina"]
[Result "0-1"]
[WhiteTitle "k"]
[BlackTitle "WFM"]
[WhiteElo "1783"]
[BlackElo "1773"]

1. e4 c5 2. Nf3 Nc6 3. d4 cxd4 4. Nxd4 Nf6 5. Nc3 e5 6. Ndb5 d6 7. Nd5 Nxd5 8.
exd5 Ne7 9. c4 Ng6 10. Qa4 Bd7 11. Qb4 Bxb5 12. Qxb5+ Qd7 13. Qxd7+ Kxd7 14. h4
h5 15. Bd3 Ne7 16. f4 exf4 17. Bxf4 g6 18. O-O Bg7 19. Bg5 Rhf8 20. Rae1 Ng8 21.
Bc2 Be5 22. Ba4+ Kc7 23. b4 f6 24. Bf4 Ne7 25. Rd1 Rad8 26. c5 Bxf4 27. Rxf4 dxc5
28. Rc4 Rxd5 29. Rxc5+ Rxc5 30. Rd7+ Kb8 31. bxc5 Nf5 32. Bc2 Nxh4 33. Be4 Re8
34. Bxb7 Nf5 35. c6 Re7 36. Rd8+ Kc7 37. Rc8+ Kb6 38. Rb8 Nd6 39. Rf8 Rf7 40.
Rg8 g5 41. Ba8 Kc7 42. Rh8 h4 43. Rg8 Nc8 44. Re8 Ne7 45. Bb7 Nxc6 46. Ba6 Kd6
47. Kf2 Re7 48. Rf8 Ke5 49. Bd3 Nd4 50. Rc8 Ne6 51. Rc4 Rc7 52. Re4+ Kd6 53. Rb4
Nf4 54. Bf5 Rc5 55. Be4 Ke5 56. Bb1 Rd5 57. Kf3 f5 58. Rb2 g4+ 59. Ke3 Ne6 60.
Kf2 Ng5 61. Re2+ Ne4+ 62. Ke1 Kf4 63. Rb2 Rc5 64. Bc2 Rc3 65. Ke2 Re3+ 66. Kf1
Kg3 67. Bd1 f4 0-1

[Event "Druzynowe Mistrzostwa Polski - II Liga 2023"]
[Site "Jastrzebia Gora"]
[Date "1899-12-30"]
[Round "6.109"]
[White "Stanisz, Patryk"]
[Black "Osinski, Emil"]
[Result "0-1"]
[WhiteTitle "CM"]
[BlackTitle "k"]
[WhiteElo "2149"]
[BlackElo "2157"]

1. d4 Nf6 2. c4 g6 3. Nc3 d5 4. Bf4 Bg7 5. e3 O-O 6. Rc1 Be6 7. c5 c6 8. h3 Nbd7
9. Nf3 Ne4 10. Bd3 Nxc3 11. Rxc3 f6 12. O-O Bf7 13. e4 e5 14. dxe5 fxe5 15. Bg5
Bf6 16. h4 d4 17. Rc1 Qe7 18. Bxf6 Nxf6 19. Ng5 Kg7 20. f4 exf4 21. Nxf7 Rxf7
22. Bc4 Rff8 23. Rxf4 Qxc5 24. Bd3 Qe5 25. Qd2 h5 26. b4 Ng4 27. g3 Rxf4 28. Qxf4
Rf8 29. Qxe5+ Nxe5 30. Be2 d3 31. Bd1 Rd8 32. Kf2 Rd4 33. b5 Rxe4 34. bxc6 bxc6
35. Rc3 Kf6 36. Bf3 Rd4 37. Bd1 Rc4 38. Ra3 Rc1 39. Bb3 Ng4+ 40. Kf3 Rf1+ 41.
Ke4 d2 42. Ra6 Ne5 43. Rxa7 d1=Q 44. Bxd1 Rxd1 45. a4 Ke6 46. Ra8 Nd7 47. a5 Ra1
48. Kf4 Kf6 49. Rc8 Ra4+ 50. Ke3 Ne5 51. Rf8+ Ke7 52. Ra8 Rxa5 0-1

[Event "Druzynowe Mistrzostwa Polski - II Liga 2023"]
[Site "Jastrzebia Gora"]
[Date "1899-12-30"]
[Round "6.110"]
[White "Walentukiewicz, Michal"]
[Black "Kaminski, Piotr"]
[Result "1/2-1/2"]
[WhiteTitle "CM"]
[BlackTitle "k"]
[WhiteElo "2074"]
[BlackElo "2024"]

1. e4 c6 2. d4 d5 3. Nc3 dxe4 4. Nxe4 Bf5 5. Ng3 Bg6 6. h4 h6 7. Nh3 e6 8. Nf4
Bh7 9. c3 Nf6 10. Bd3 Bxd3 11. Qxd3 Nbd7 12. Bd2 Nd5 13. Nfh5 N7f6 14. O-O-O Nxh5
15. Nxh5 Qa5 16. Qb1 O-O-O 17. Nf4 Bd6 18. Nd3 1/2-1/2

[Event "Druzynowe Mistrzostwa Polski - II Liga 2023"]
[Site "Jastrzebia Gora"]
[Date "1899-12-30"]
[Round "6.111"]
[White "Rudecki, Bartosz"]
[Black "Bienias, Piotr"]
[Result "1-0"]
[WhiteTitle "I+"]
[BlackTitle "I++"]
[WhiteElo "1880"]
[BlackElo "1934"]

1. e4 c5 2. Nf3 g6 3. c4 Bg7 4. d4 cxd4 5. Nxd4 Nc6 6. Be3 Nf6 7. Nc3 d6 8. Be2
O-O 9. O-O a6 10. f3 Bd7 11. Qd2 Qa5 12. Rfd1 Rfc8 13. Rac1 Be8 14. a3 Ne5 15.
b4 Qd8 16. Qa2 e6 17. c5 d5 18. Bg5 h6 19. Bxf6 Qxf6 20. exd5 Rd8 21. Ne4 Qf4
22. Rc3 Nc6 23. Nxc6 bxc6 24. Rcd3 cxd5 25. g3 Qe5 26. Nd6 Ba4 27. R1d2 g5 28.
f4 gxf4 29. gxf4 Qf6 30. Bh5 Rxd6 31. cxd6 Qxf4 32. Rf3 Qg5+ 33. Rg2 Qxh5 34.
Qb2 e5 35. Rfg3 Qd1+ 36. Kf2 Qd4+ 37. Qxd4 exd4 38. Rxg7+ Kh8 39. Rxf7 Rd8 40.
Rg6 h5 41. d7 Bb5 42. Rgg7 d3 43. Ke3 d4+ 44. Kd2 h4 45. Rh7+ Kg8 46. Rfg7+ Kf8
47. Rh8+ Kxg7 48. Rxd8 Kf7 49. Rf8+ 1-0

[Event "Druzynowe Mistrzostwa Polski - II Liga 2023"]
[Site "Jastrzebia Gora"]
[Date "1899-12-30"]
[Round "6.112"]
[White "Bes, Michal"]
[Black "Szmyd, Arkadiusz"]
[Result "0-1"]
[WhiteTitle "k"]
[BlackTitle "CM"]
[WhiteElo "2052"]
[BlackElo "2053"]

1. e4 e6 2. d4 d5 3. exd5 exd5 4. Bd3 Bd6 5. Ne2 Nf6 6. Bf4 O-O 7. O-O Re8 8. Nd2
Rxe2 9. Bxd6 Rxd2 10. Qxd2 Qxd6 11. Rfe1 Nc6 12. c3 Bd7 13. f3 g6 14. b4 Kg7 15.
a3 h5 16. h4 Ne7 17. Kf2 Nf5 18. Bxf5 Bxf5 19. g3 Bd7 20. Qg5 Ng8 21. Qe5+ Qxe5
22. Rxe5 Be6 23. Ree1 Nf6 24. Kg2 Ne8 25. Kf2 Nd6 26. Re3 a5 27. Ree1 Nb5 28.
a4 Nd6 29. b5 Nc4 30. Ra2 Nb6 31. Ke3 Re8 32. Kf2 Bd7 33. Rb1 Bf5 34. Rd1 Nc4
35. Rc1 Bd7 36. Rb1 Re6 37. Rc1 Kf6 38. Rb1 Rb6 39. Re1 c6 40. bxc6 Bxc6 41. g4
hxg4 42. fxg4 Rb3 43. Rc1 Nd6 44. Ke3 Ne4 45. h5 Nxc3 46. Rf2+ Kg7 47. Kf4 Ne4
48. Rh2 Kf6 49. g5+ Nxg5 50. Rf1 Bd7 51. h6 Nh3+ 52. Rxh3 g5# 53. Ke5+ Kxe5 0-1

[Event "Druzynowe Mistrzostwa Polski - II Liga 2023"]
[Site "Jastrzebia Gora"]
[Date "1899-12-30"]
[Round "6.113"]
[White "Ociepka, Tomasz"]
[Black "Antoniewicz, Jakub"]
[Result "1/2-1/2"]
[WhiteTitle "I+"]
[BlackTitle "I"]
[WhiteElo "1835"]
[BlackElo "1950"]

1. e4 c5 2. Nf3 Nf6 3. e5 Nd5 4. d4 cxd4 5. Qxd4 e6 6. Bc4 Nc6 7. Qe4 f5 8. exf6
Nxf6 9. Qe2 Be7 10. Nc3 O-O 11. Bg5 Nd5 12. Bxe7 Nxc3 13. Bxd8 Nxe2 14. Bc7 Ned4
15. Nxd4 Nxd4 16. O-O-O Nf5 17. Rhe1 d5 18. Bb3 Bd7 19. f4 Rfc8 20. Be5 a5 21.
a3 h5 22. Kb1 a4 23. Ba2 Bb5 24. Bc3 Ra6 25. Bxd5 exd5 26. Rxd5 Rxc3 27. bxc3
Rb6 28. Kc1 g6 29. g3 Kf7 30. Ree5 Bc6 31. Rd8 Rb5 32. Rxb5 Bxb5 33. Kd2 Bc4 34.
Rd7+ Ke6 35. Rxb7 Nd6 36. Ra7 Bb5 37. Ke3 Kd5 38. h3 Nc4+ 39. Kf3 Nxa3 40. g4
hxg4+ 41. hxg4 Bc6 42. Ra5+ Kd6+ 43. Kg3 Nxc2 44. f5 gxf5 45. gxf5 a3 46. c4 Be8
47. Ra7 Bh5 48. Kf4 Kc6 49. f6 Kb6 50. Ra4 Be8 51. Ra8 Bf7 52. Kg5 Bxc4 53. Kg6
a2 54. Rxa2 Bxa2 55. f7 Bxf7+ 56. Kxf7 1/2-1/2

[Event "Druzynowe Mistrzostwa Polski - II Liga 2023"]
[Site "Jastrzebia Gora"]
[Date "1899-12-30"]
[Round "6.114"]
[White "Jankowska, Julia"]
[Black "Tarnowska, Aleksandra"]
[Result "1-0"]
[WhiteTitle "I++"]
[BlackTitle "WCM"]
[WhiteElo "1748"]
[BlackElo "1860"]

1. d4 d5 2. Nf3 Nf6 3. c4 e6 4. g3 Bb4+ 5. Bd2 Be7 6. Bg2 O-O 7. O-O c6 8. Na3
Nbd7 9. Qc2 b6 10. Rfc1 Bb7 11. Qa4 a5 12. cxd5 exd5 13. Qd1 Ne4 14. Nc2 Ndf6
15. Ne3 c5 16. Nf5 Ng4 17. Nxe7+ Qxe7 18. Be1 Rfe8 19. h3 Ngf6 20. a4 Ba6 21.
Ra3 Rac8 22. Re3 Qd6 23. dxc5 Nxc5 24. Rxe8+ Rxe8 25. Nd4 Qe7 26. b4 axb4 27.
Bxb4 Nfe4 28. Qc2 Nxf2 29. Qd2 Nfe4 30. Qf4 h6 31. Nf5 Qf6 32. Bf3 Ne6 33. Ne7+
Rxe7 34. Qxf6 Nxf6 35. Bxe7 Ne4 36. Bxe4 dxe4 37. Kf2 Nd4 38. e3 Nf5 39. Bd8 b5
40. Rc6 Bb7 41. Rb6 Bc8 42. axb5 h5 43. Bg5 f6 44. Rb8 Ne7 45. Bf4 Kf7 46. Bd6
Nf5 47. Rxc8 Nxd6 48. b6 Ke6 49. Rc7 Nb5 50. b7 1-0

[Event "Druzynowe Mistrzostwa Polski - II Liga 2023"]
[Site "Jastrzebia Gora"]
[Date "1899-12-30"]
[Round "6.117"]
[White "Spyra, Piotr"]
[Black "Grzesik, Norbert"]
[Result "0-1"]
[WhiteTitle "I"]
[BlackTitle "I++"]
[WhiteElo "1850"]
[BlackElo "1857"]

1. e4 c5 2. c3 d6 3. d4 Nf6 4. Bd3 g6 5. Nf3 Bg7 6. h3 O-O 7. Be3 Qc7 8. O-O b6
9. Nbd2 Ba6 10. Bxa6 Nxa6 11. Qa4 Qb7 12. Rfe1 Rfc8 13. Bg5 b5 14. Qb3 c4 15.
Qc2 Nc7 16. e5 Nfd5 17. exd6 exd6 18. Ne4 Qc6 19. Qd2 Ne6 20. h4 Re8 21. h5 f5
22. Ng3 f4 23. Ne2 Nxg5 24. Nxg5 h6 25. Nf3 g5 26. Qc2 Qd7 27. a4 a6 28. axb5
axb5 29. Kf1 Qf7 30. Neg1 Rxa1 31. Rxa1 Qxh5 32. Ra7 g4 33. Nd2 Nf6 34. Ne2 Qh1+
35. Ng1 Qh5 36. b3 d5 37. Ne2 Qh1+ 38. Ng1 Qh5 39. Ne2 Qh1+ 40. Ng1 Ne4 41. Nxe4
dxe4 42. bxc4 f3 43. Qb1 Qxg2+ 0-1

[Event "Druzynowe Mistrzostwa Polski - II Liga 2023"]
[Site "Jastrzebia Gora"]
[Date "1899-12-30"]
[Round "6.118"]
[White "Kossobudzki, Robert"]
[Black "Wodecki, Daniel"]
[Result "1-0"]
[WhiteTitle "I"]
[BlackTitle "I"]
[WhiteElo "1965"]
[BlackElo "1905"]

1. Nf3 d5 2. b4 Qd6 3. a3 e5 4. Bb2 f6 5. e3 Be6 6. d4 e4 7. Nfd2 f5 8. c4 c6 9.
Nc3 Nf6 10. Be2 Be7 11. Qb3 O-O 12. Rc1 Nbd7 13. cxd5 Bxd5 14. Nc4 Qe6 15. O-O
Bd6 16. g3 Bc7 17. b5 Kh8 18. a4 Ng4 19. Nxd5 cxd5 20. Nd2 Rac8 21. h3 Ngf6 22.
Ba3 Rg8 23. Qb4 f4 24. exf4 Qxh3 25. Qb3 h5 26. Rfe1 g5 27. fxg5 Rxg5 28. Bd6
Bxd6 29. Rxc8+ Kg7 30. Nf1 h4 31. Qe3 Kg6 32. g4 Rxg4+ 33. Bxg4 Qxg4+ 34. Kh1
Bf4 35. Nh2 Qf5 36. Rg1+ Kh7 37. Qa3 Qe6 38. Rc3 Bd6 39. Qc1 Qf5 40. Qg5 Qxg5
41. Rxg5 Kh6 42. Rg1 Kh5 43. Rc8 Bxh2 44. Rh8+ Nb8 45. Rhg8 Nxg8 1-0